Analyzing natural systems : analysis for regional residuals-environmental quality management
Αποθηκεύτηκε σε:
| Άλλοι συγγραφείς: | , |
|---|---|
| Μορφή: | Βιβλίο |
| Γλώσσα: | English |
| Δημοσίευση: |
Washington :
Resources for the Future,
1982
|
| Θέματα: | |
| Ετικέτες: |
Προσθήκη ετικέτας
Δεν υπάρχουν, Καταχωρήστε ετικέτα πρώτοι!
|
MARC
| LEADER | 00000pam a2200000 i 4500 | ||
|---|---|---|---|
| 001 | 1/71963 | ||
| 008 | 970423s1982 eng d | ||
| 020 | |a 0-8018-2820-1 | ||
| 035 | |l 10002873 | ||
| 040 | |a GR-MY-UA |b gre |e aacr | ||
| 041 | 0 | |a eng | |
| 082 | 0 | |a 363.700724 | |
| 245 | 1 | 0 | |a Analyzing natural systems : |b analysis for regional residuals-environmental quality management / |c Edited by Daniel J. Basta and Blair T. Bower |
| 260 | |a Washington : |b Resources for the Future, |c 1982 | ||
| 300 | |a xv, 546 p.; |c 28 cm | ||
| 504 | |a Includes bibliographical references | ||
| 650 | 0 | 0 | |a Environmental protection |x Mathematical models. |
| 650 | 0 | 0 | |a Pollution |x Mathematical models. |
| 700 | 1 | |a Basta, Daniel J. |4 edt | |
| 700 | 1 | |a Bower, Blair T. |4 edt | |
| 852 | |a INST |b LESVOS |e 19970423 |h 363.700724 ANA |p 005100011437 |q 005100011437 |t BK |y 0 | ||
| 909 | |a Λ |b 02102 | ||